Statystyki dla Gminy Liechtensteinu

Kliknij tutaj aby rozwiązać quiz!

Ogólne statystyki

  • Ten quiz został rozwiązany 266 razy
  • Średni wynik to 5 z 11

Odpowiedzi na mapie

Odpowiedzi skodowane kolorowo w zielono-czerwonej skali na mapie do tego quizu, zgodnie z poniższymi procentami.
 

Statystyki odpowiedzi

Gminy% Poprawnych
Vaduz
99%
Schaan
53%
Triesen
39%
Triesenberg
39%
Balzers
35%
Eschen
35%
Ruggell
35%
Gamprin
33%
Mauren
33%
Schellenberg
33%
Planken
32%

Rozkład punktacji

Percentyl według liczby udzielonych odpowiedzi

Procent ludzi z każdym wynikiem

Twoja historia wyników

Nie rozwiązałeś tego quizu